000 00806nam a2200229Ii 4500
003 JO-AjNU
008 230605s9999||||xx |||||||||||||| ||und||
017 _a2005/13688
020 _a977-327-559-0
040 _aJO-AjNU
_bara
_erda
_cJO-AjNU
041 _aara
050 1 4 _aPJ7510.S23 2006
100 3 _aصابر، نجوى محمود,
_eauthor
_924483
245 0 0 _aالذوق الأدبي وتطوره عند النقاد العرب حتى نهاية القرن الخامس الهجري
250 _aط1
264 3 1 _aالإسكندرية: دار الوفاء، 2006
300 _a289ص
336 _atext
_btxt
_2rdacontent
337 _aunmediated
_bn
_2rdamedia
338 _avolume
_bnc
_2rdacarrier
650 4 _aالأدب العربي تحليل ونقد - النقاد العرب
_924484
999 _aA9024
_c12592
_d12592